000 00488nam a2200181Ia 4500
008 100920s9999 xx 000 0 und d
082 _b57300
_a--- 0
100 _aबांदोडकर गो. पु.
245 _aभागीदार.
260 _b---
_c0
300 _a212
_bसाधी
365 _b95
520 _aकादंबरी.
630 _aभागीदार.
650 _aकादंबरी.
730 _aभागीदार.
942 _cBOOK
999 _c701192
_d701189